Score 0/10 Timer 04:00
0 Plays Today
Penalties Saved Answer % Correct
10Shay Given
85.9%
10Mark Schwarzer
65.4%
8Edwin van der Sar
60.2%
13David James
58.7%
8Simon Mignolet
45.1%
10Brad Friedel
42.3%
9Heurelho Gomes
39.1%
9Jussi Jaaskelainen
32.7%
12Thomas Sorensen
16%
9Rob Green
11.5%
Come Together.
Have Fun.
All Virtual.
We all need to come together. Play Sporcle's virtual live trivia to have fun, connect with people, and get your trivia on. Join a live hosted trivia game for your favorite pub trivia experience done virtually. If a virtual private party is more your thing, go here for details.

You're not logged in!

Compare scores with friends on all Sporcle quizzes.
OR
Log In

Sporcle TV

Today on Sporcle TV


Watch our educational content, quiz creation guides, and fun videos on Sporcle TV.

Show Comments

Extras

Top Quizzes Today


Score Distribution

Paid Content

Your Account Isn't Verified!

In order to create a playlist on Sporcle, you need to verify the email address you used during registration. Go to your Sporcle Settings to finish the process.

Report this User

Report this user for behavior that violates our Community Guidelines.

Details: